000
00208 a2200097 4500
001
4356
100
_a
Merill,G
245
_a
Operation research armament launching
260
_a
_b
Van
_c
090
_c
3554
_d
3554
942
_a
NUST-CAE
_c
M
_c
28380
999
_c
239429
_d
239429